| 000 | 00346nam a2200133Ia 4500 | ||
|---|---|---|---|
| 008 | 230917s9999||||xx |||||||||||||| ||und|| | ||
| 040 |
_e102023 _aMAIN |
||
| 041 | _aEnglish | ||
| 082 | _a658.3124- P223F | ||
| 100 | _aParker , Glenn ,M | ||
| 245 | 0 | _aFifty activities for team building. V1 | |
| 260 |
_aNew Delhi _bAne Books _c2003 |
||
| 942 | _cBK | ||
| 999 |
_c117888 _d117888 |
||